Statistics for UK General Knowledge Multiple Choice #1

Click here to take the quiz!

General Stats

  • This quiz has been taken 16,224 times
  • The average score is 10 of 15

Answer Stats

QuestionAnswer% Correct
In which city were "The Beatles" formed?Liverpool
95%
In what year did the Battle of Hastings take place?1066
85%
Which vegetable is traditionally served with fish and chips?Peas
82%
Which football team play their home games at Stamford Bridge?Chelsea
68%
In what fictional London borough does "Eastenders" take place?Walford
68%
What is traditionally served as the main course on Burns Night?Haggis
67%
Which airline operated the plane that was struck by a terrorist bomb over Lockerbie, Scotland in 1988?PanAm
66%
Which city is traditionally known as the centre of the pottery industry?Stoke-on-Trent
65%
What now common snack food item was originally eaten by tin miners whilst at work?Cornish pasty
64%
What was the profession of Margaret Thatcher's father?Grocer
60%
True or false, the highest mountain in Great Britain has an altitude over 3,000 m (9,842 feet)?False
57%
What was supposedly invented by a teenager named William Webb Ellis?Rugby
57%
What did Barnes Wallis invent during WWII?The bouncing bomb
56%
Which king was mad?George III
53%
Which island is reached by a tidal causeway called "The Pilgrims Way"?Lindisfarne
41%

Score Distribution

Percentile by Number Answered

Percent of People with Each Score

Your Score History

You have not taken this quiz